00397nam a2200145Ia 4500008004100000020001800041082001700059100001300076245006800089260002900157300000800186500002400194650001500218700001800233230524s9999 xx 000 0 und d a9788171947843 a241.644bKAN aS.Kannan 0aHuman Values and Professional Ethics With Relevant Case Studies aNEW DELHIbTaxmannc2010 a180 aQuantity Number: 5 aManagement a K.Srilakshmi